书目信息 |
| 题名: |
2007年国家司法考试复习精要
|
|
| 作者: | ;中国政法大学出版社 , 国家司法辅导用书编写组 编写 | |
| 分册: | 第四册 | |
| 出版信息: | 北京 中国政法大学出版社 2007.02 |
|
| 页数: | 298页 | |
| 开本: | 26cm | |
| 丛书名: | ||
| 单 册: | ||
| 中图分类: | D920.9 | |
| 科图分类: | ||
| 主题词: | 法律工作者--fa lu gong zuo zhe--资格考核--中国--自学参考资料 | |
| 电子资源: | ||
| ISBN: | 7-5620-3009-X | |
| 000 | 01178nam0 2200241 450 | |
| 001 | 012007726497 | |
| 005 | 20070928162037.04 | |
| 010 | @a7-5620-3009-X@dCNY26.00 | |
| 100 | @a20070814d2007 km y0chiy0120 ea | |
| 101 | 0 | @achi |
| 102 | @aCN@b110000 | |
| 105 | @ay z 000yy | |
| 200 | 1 | @a2007年国家司法考试复习精要@A2007 nian guo jia si fa kao shi fu xi jing yao@h第四册@f中国政法大学出版社,国家司法辅导用书编写组编写@Fzhong guo zheng fa da xue chu ban she,guo jia si fa fu dao yong shu bian xie zu bian xie |
| 210 | @a北京@c中国政法大学出版社@d2007.02 | |
| 215 | @a298页@d26cm | |
| 330 | @a本书是2007年司法考试法规复习精要本,将考生从繁重的法条复习中解脱出来,不必捧着厚重的书不知从何读起,同时本书没有添加更多的解释,避免了对考生不必要的干扰,由专业人员替考生对法条进行了取舍。 | |
| 517 | 1 | @a国家司法考试复习精要@Aguo jia si fa kao shi fu xi jing yao |
| 606 | 0 | @a法律工作者@Afa lu gong zuo zhe@x资格考核@y中国@j自学参考资料 |
| 690 | @aD920.9@v4 | |
| 711 | 02 | @a中国政法大学出版社@Azhong guo zheng fa da xue chu ban she@4编写 |
| 711 | 02 | @a国家司法辅导用书编写组@Aguo jia si fa fu dao yong shu bian xie zu@4编写 |
| 801 | 0 | @aCN@c20070928 |
| 905 | @dD920.9@eZ662:4 | |
| 2007年国家司法考试复习精要.第四册/中国政法大学出版社,国家司法辅导用书编写组编写.-北京:中国政法大学出版社,2007.02 |
| 298页;26cm |
| ISBN 7-5620-3009-X:CNY26.00 |
| 本书是2007年司法考试法规复习精要本,将考生从繁重的法条复习中解脱出来,不必捧着厚重的书不知从何读起,同时本书没有添加更多的解释,避免了对考生不必要的干扰,由专业人员替考生对法条进行了取舍。 |
| ● |
| 相关链接 |
|
|
|
正题名:2007年国家司法考试复习精要
索取号:D920.9/Z662:4
 
预约/预借
| 序号 | 登录号 | 条形码 | 馆藏地/架位号 | 状态 | 备注 |
| 1 | 247620 | 202476203 | 社科库509/509社科库 84排2列6层/ [索取号:D920.9/Z662:4] | 在馆 | |
| 2 | 247621 | 202476212 | 社科库509/509社科库 84排2列6层/ [索取号:D920.9/Z662:4] | 在馆 | |
| 3 | 247622 | 202476221 | 社科库509/509社科库 84排2列6层/ [索取号:D920.9/Z662:4] | 在馆 |